| 000 | 01426nam a2200337 i 4500 | ||
|---|---|---|---|
| 001 | 196754 | ||
| 003 | ES-MaACL | ||
| 005 | 20250723063408.0 | ||
| 008 | 241104b2024 sp ||||| |||| 00| 0 spa d | ||
| 017 |
_aM-19341-2024 _bOficina Depósito Legal Madrid |
||
| 020 | _a9788410389267 | ||
| 040 |
_bspa _cES-MaACL |
||
| 245 | 1 |
_aEn el desván de José Luis Sampedro : _b(estudios para un homenaje) / _cJosé Manuel Lucía Megías (editor) ; prólogo de Olga Lucas |
|
| 260 |
_aMadrid : _bGrupo Sial Pigmalión, _c2024 |
||
| 264 | _a©2024 | ||
| 300 |
_a352 páginas ; _b21 cm |
||
| 336 |
_2rdacontent _atexto |
||
| 337 |
_2rdamedia _asin mediación |
||
| 338 |
_2rdacarrier _avolumen |
||
| 490 | 1 |
_aTrivium Biblioteca de textos y ensayo , _v71 |
|
| 600 | 1 | 4 |
_9102185 _aSampedro, José Luis, _d1917-2013 |
| 700 | 1 |
_9240291 _aLucía Megías, José Manuel, _d1967- _epbl |
|
| 700 | 1 |
_974536 _aLucas, Olga, _d1947- _eaut |
|
| 700 | 1 |
_9237662 _aBerzosa, Carlos, _d1945- _eaut |
|
| 852 |
_aES-MaACL _cDEPOJ _jN-10178 _gDedicatoria autógrafa del autor-editor _hDonación: José Manuel Lucía Megías _xEncuadernación rústica con solapas _9206305 |
||
| 903 |
_9240291 _aLucía Megías, José Manuel, _d1967- _ednr |
||
| 942 |
_cMONOGRAFIA _n0 |
||
| 999 |
_c196754 _d196754 |
||